Tristes y alegres : colección de cuentos morales para todos los aburridos de la sociedad /

Guardado en:
Detalles Bibliográficos
Autor principal: Risco, Alberto (autor)
Formato: Libro
Idioma:Español
Publicado: Madrid, España : Apostolado de la Prensa, 1924
Etiquetas: Agrega una etiqueta
Sin etiquetas, Sé el primero en etiquetar este registro!

MARC

LEADER 00000nam^a2200000^a^4500
001 000435247
005 20250526000000.0
009 20260310123126.844
037 |a Acervo ITESO - Biblioteca 
041 |a ESP 
091 |a FHM. 07540 
100 |a Risco, Alberto  |e (autor) 
245 1 0 |a Tristes y alegres :  |b colección de cuentos morales para todos los aburridos de la sociedad / 
264 1 |a Madrid, España :  |b Apostolado de la Prensa,  |c 1924 
300 |a 390 p. ;  |c 18.5 cm. 
336 |a texto  |b txt  |2 rdacontenido 
337 |a sin mediación  |b n  |2 rdamedio 
338 |a volumen  |b nc  |2 rdasoporte 
649 |a XX 
910 |a Fondo Hugo B. Margáin 
920 |a Impresos - Libros 
930 |a Libros Antiguos y Raros 
940 |a Literatura 
905 |a 126 
901 |a 0500340204  |b IT2  |c LRA  |i D104222  |u 20250526 
902 |a https://opac.biblio.iteso.mx/vufind/Record/000435247